| 000 | 01064cam a2200229 4500 | ||
|---|---|---|---|
| 001 | WB4005-06 | ||
| 008 | 040204n2004 000 0 eng u | ||
| 035 | _a(Sirsi) u125020 | ||
| 245 | _aLeeds leading retail | ||
| 260 | _c2004 | ||
| 490 |
_aKing Sturge Press Release _v30 January 2004 (2) |
||
| 520 | _aLeeds is currently ranked first by Promis and third by Experian for retail demand, but since Birmingham and Manchester have recently benefited from significant retail development this could be set to change. Leeds lack of retail space, which is below the national average is one cause for concern. However there is development planned which could help Leeds' prospects. http://www.kingsturge.com/site/docs/pressoffice/ne wsdisplay.cfm?NID=%24%299S%2AK%40%20%20%0A | ||
| 590 | _aWB | ||
| 590 | _aWB | ||
| 650 | _aLEEDS | ||
| 650 | _aRETAIL DEVELOPMENT | ||
| 650 | _aRETAIL SPACE | ||
| 650 | _aRETAIL DEMAND | ||
| 650 | _aPROPERTY-COMMERCIAL PROPERTY-RETAIL PROPERTY-RETAIL PROPERTY MARKET | ||
| 690 | _aCOMMERCIAL PROPERTY-RETAIL | ||
| 942 | _n0 | ||
| 999 |
_c116994 _d116994 |
||